| 000 | 00532nmm a22001937a 4500 | ||
|---|---|---|---|
| 005 | 20161103172520.0 | ||
| 008 | 161103b xxu||||| |||| 00| 0 spa d | ||
| 041 | _aspa | ||
| 082 | _aTU 43 | ||
| 100 |
_aZuñiga Batista, Yolanda _930359 |
||
| 245 | _aInforme Práctica Supervisada en la Asociación de Productores la Admistad | ||
| 260 | _c2015 | ||
| 650 |
_aCOSTA RICA _930360 |
||
| 650 |
_aTURISMO _9894 |
||
| 650 |
_aTOUR _98263 |
||
| 650 |
_aPLANTA TURÍSTICA _929904 |
||
| 650 |
_aATRACTIVOS TURÍSTICOS _95394 |
||
| 942 | _cIP | ||
| 999 |
_c8592 _d8592 |
||